Statystyki dla Które miasto jest największe, a które najmniejsze?

Kliknij tutaj aby rozwiązać quiz!

Ogólne statystyki

  • Ten quiz został rozwiązany 46 razy
  • Średni wynik to 4 z 15

Statystyki odpowiedzi

HintOdpowiedź% Poprawnych
Warszawa1
89%
Łódź3
52%
Lubin15
37%
Wrocław2
33%
Bydgoszcz5
33%
Białystok7
33%
Szczecin4
30%
Zabrze11
19%
Płock13
19%
Tychy14
19%
Lublin6
19%
Katowice8
19%
Bielsko-Biała10
7%
Gliwice9
7%
Olsztyn12
4%

Rozkład punktacji

Percentyl według liczby udzielonych odpowiedzi

Procent ludzi z każdym wynikiem

Twoja historia wyników

Nie rozwiązałeś tego quizu